ბათუმის შოთა რუსთაველის სახელმწიფო უნივერსიტეტის ბიბლიოთეკა

პათოფიზიოლოგია : (ბიბ.ჩანაწერი № 62923)

000 -ლიდერი
ფიქსირებული სიგრძის საკონტროლო ველი 00885nam a22001937a 4500
003 - საკონტროლო ნომრის იდენტიფიკატორი
საკონტროლო ველი Ge_BSU
005 - ბოლო ოპერაციის თარიღი და დრო
საკონტროლო ველი 20250324131955.0
008 - ფიქსირებული სიგრძის მონაცემთა ელემენტები - ზოგადი ინფორმაცია
ფიქსირებული სიგრძის საკონტროლო ველი 250320s1997 ge ||||| |||| 00| 0 geo d
041 ## - ენის კოდი
Language code of text/sound track or separate title geo
080 ## - უნივერსალური ათობითი კლასიფიკაციის ინდექსი
Universal Decimal Classification number 616-092(042.4) პ-13
245 ## - ცნობა სათაურის შესახებ
Title პათოფიზიოლოგია :
Remainder of title (ლექციების კონსპექტი). პირველი ნაწილი. ზოგადო ნოზოლოგია /
Statement of responsibility, etc პათოფიზიოლოგიის კათედრა.
264 ## - წარმოების, გამოცემის, დისტრიბუციის და სხვა ცნობები
გამოცემის, წარმოების, დისტრიბუციის... ადგილი თბილისი,
გამოცემის, წარმოების, დისტრიბუციის... თარიღი 1997.
300 ## - ფიზიკური აღწერა
Extent 143 გვ. :
Other physical details სქ., ცხრ. ;
Dimensions 20 სმ.
653 ## - INDEX TERM--UNCONTROLLED
Uncontrolled term პათოფიზიოლოგია
653 ## - INDEX TERM--UNCONTROLLED
Uncontrolled term ნოზოლოგია
653 ## - INDEX TERM--UNCONTROLLED
Uncontrolled term მედიცინა
710 ## - ADDED ENTRY--CORPORATE NAME
Corporate name or jurisdiction name as entry element პათოფიზიოლოგიის კათედრა.
9 (RLIN) 24645
942 ## - ADDED ENTRY ELEMENTS (KOHA)
Source of classification or shelving scheme
Koha item type წიგნი
ეგზემპლარები
ჩამოწერის სტატუსი დაკარგული ეგზემპლარის სტატუსი კლასიფიკაციის წყარო ან თაროზე გაწყობის სქემა დაზიანების სტატუსი არ გაიცემა მუდმივი მდებარეობა (დაცვის ადგილი) ამჟამინდელი ადგილსამყოფელი თაროზე განთავსების ადგილი შეძენის თარიღი ღირებულება, შესყიდვის ნორმალური ფასი სრული შენახვის შიფრი შტრიხკოდი ბოლო ოპერაციის თარიღი ეგზემპლარის მიმდევრობითი ნომერი (კეტერი?) ფასის ძალაში შესვლის თარიღი ეგზემპლარის სახეობა საჯარო შენიშვნა
          ბათუმის შოთა რუსთაველის სახელმწიფო უნივერსიტეტის მთავარი ბიბლიოთეკა ბათუმის შოთა რუსთაველის სახელმწიფო უნივერსიტეტის მთავარი ბიბლიოთეკა წიგნსაცავი 2025-03-20 6.00 616-092(042.4) პ-13 70898 2025-03-20 70898 2025-03-20 წიგნი 6 ლ.